[Event "London Classic Open 2015"]
[Site "London ENG"]
[Date "2015.12.07"]
[Round "5.19"]
[White "Chen, Pengyu"]
[Black "Georgescu, Tiberiu-Marian"]
[Result "0-1"]
[WhiteTitle "FM"]
[BlackTitle "GM"]
[WhiteElo "2289"]
[BlackElo "2453"]
[WhiteFideId "3212092"]
[BlackFideId "1213300"]
[EventDate "2015.12.04"]

1. c4 e6 2. Nc3 d5 3. d4 Be7 4. cxd5 exd5 5. Bf4 Nf6 6. e3 Bf5 7. h3 O-O 8. g4
Be6 9. Bg2 c6 10. Nge2 Nbd7 11. O-O Ne8 12. Bh2 Bd6 13. Nf4 Qe7 14. Re1 f5 15.
g5 Bf7 16. h4 h6 17. Nh3 Bxh2+ 18. Kxh2 Nd6 19. Qf3 hxg5 20. Nxg5 Nf6 21. Qf4
Nh5 22. Qf3 Bg6 23. Bh3 Ne4 24. Rg1 Qd6+ 25. Kh1 Rae8 26. Qg2 Rf6 27. Raf1 Re7
28. Qh2 f4 29. Ngxe4 Rxe4 30. Nxe4 Bxe4+ 31. Bg2 Bd3 32. Rd1 Bc2 33. Rc1 Bh7 34.
Bf3 Rh6 35. Rg5 Nf6 36. Rcg1 Ne4 37. Rxg7+ Kh8 38. h5 Nd2 39. Qg2 Qd8 40. Qg5
Qxg5 41. R1xg5 Nxf3 42. Rg4 Rxh5+ 43. Kg2 Be4 44. Rg8+ Kh7 45. R4g7+ Kh6 46.
Rh8+ Kxg7 47. Rxh5 Nxd4+ 48. Kf1 fxe3 49. fxe3 Nf5 50. Kf2 Nd6 51. Rh4 Kf6 52.
Ke2 Ke5 53. b3 c5 54. Kd2 Bf5 55. Rh8 Ne4+ 56. Kc1 d4 57. exd4+ cxd4 58. Rb8 d3 0-1

[Event "London Classic Open 2015"]
[Site "London ENG"]
[Date "2015.12.07"]
[Round "5.20"]
[White "Stachanczyk, Jacek"]
[Black "Wegerle, Joerg"]
[Result "1/2-1/2"]
[WhiteTitle "IM"]
[BlackTitle "IM"]
[WhiteElo "2258"]
[BlackElo "2440"]
[WhiteFideId "1116657"]
[BlackFideId "4644743"]
[EventDate "2015.12.04"]

1. e4 c5 2. Nf3 Nc6 3. d4 cxd4 4. Nxd4 e5 5. Nxc6 bxc6 6. Bc4 Nf6 7. O-O Bc5 8.
Bg5 h6 9. Bh4 d6 10. Qd3 Qe7 11. Nc3 g5 12. Bg3 h5 13. h4 Ng4 14. hxg5 h4 15.
Bh2 Qxg5 16. Na4 Bd4 17. c3 Nxf2 18. Qf3 Be3 19. Rxf2 Be6 20. Bxe6 Bxf2+ 21.
Qxf2 fxe6 22. Rf1 Qg7 23. Nc5 h3 24. Nxe6 Qxg2+ 25. Qxg2 hxg2 26. Ng7+ Ke7 27.
Nf5+ Ke6 28. Ng7+ 1/2-1/2

[Event "London Classic Open 2015"]
[Site "London ENG"]
[Date "2015.12.07"]
[Round "5.21"]
[White "Karthik, V. AP"]
[Black "Kiik, Kalle"]
[Result "1/2-1/2"]
[BlackTitle "IM"]
[WhiteElo "2310"]
[BlackElo "2382"]
[WhiteFideId "25006479"]
[BlackFideId "4500075"]
[EventDate "2015.12.04"]

1. d4 d5 2. c4 e5 3. dxe5 d4 4. Nf3 Nc6 5. a3 Nge7 6. g3 Ng6 7. Bg2 a5 8. b3 Bc5
9. O-O O-O 10. Bb2 Bg4 11. Nbd2 Bf5 12. Ne1 Ngxe5 13. Ne4 Ba7 14. Nd3 Re8 15.
Nec5 Qf6 16. Nxe5 Qxe5 17. Bxc6 bxc6 18. Qxd4 Qxd4 19. Bxd4 Rxe2 20. Rfe1 Rae8
21. Rxe2 Rxe2 22. Kf1 Rc2 23. Re1 Bh3+ 24. Kg1 h5 25. Ne6 fxe6 26. Bxa7 Rb2 27.
b4 axb4 28. axb4 Rxb4 29. Rc1 Rb2 30. Bd4 Re2 31. Be3 Kf7 32. Ra1 e5 33. Rc1 Ke6
34. c5 Kd5 35. Rd1+ Ke4 36. Ra1 Kf3 37. Rc1 Bf5 38. h4 Bd3 39. Ra1 g6 40. Rd1
Be4 41. Rc1 Bd5 42. Ra1 Be4 43. Rd1 Rxe3 44. fxe3 Kxg3 45. Rd7 Kxh4 46. Kf2 Kg4
47. Rxc7 h4 48. Rh7 g5 49. Rh6 Bd5 50. Rh8 Kh3 51. Rh5 g4 52. Rg5 Bh1 53. Rg7
Bf3 54. Rh7 Bd1 55. Rh6 Bf3 56. Rh5 Bh1 57. Rg5 Bg2 58. Rg7 Be4 59. Rg5 Bc2 60.
Kg1 Kg3 61. Rxe5 h3 62. Rh5 Be4 63. Rh6 Bg2 64. Rh8 Kf3 65. Rf8+ Kg3 66. Rh8 Be4
67. Rh6 Bd5 68. Rh5 Be4 69. Rh6 Kf3 70. Rh4 Bd5 71. Rh5 Kxe3 72. Kh2 Kf3 73. Rg5
Be4 74. Rg7 Kf4 75. Rg8 Bf3 76. Rg7 Ke4 77. Kg3 Kd4 78. Rg5 Bd5 79. Rxg4+ Kxc5
80. Rg5 1/2-1/2

[Event "London Classic Open 2015"]
[Site "London ENG"]
[Date "2015.12.07"]
[Round "5.22"]
[White "Barj, Julien"]
[Black "Martins, David Pires Tavares"]
[Result "0-1"]
[BlackTitle "FM"]
[WhiteElo "2207"]
[BlackElo "2372"]
[WhiteFideId "629200"]
[BlackFideId "1909991"]
[EventDate "2015.12.04"]

1. e4 d6 2. d4 Nf6 3. Nc3 g6 4. h3 Bg7 5. Be3 a6 6. f4 O-O 7. Nf3 b5 8. a3 Bb7
9. Bd3 Nbd7 10. Qd2 c5 11. d5 Qc7 12. f5 c4 13. fxg6 cxd3 14. gxf7+ Rxf7 15.
cxd3 Nc5 16. Rd1 e6 17. Ng5 Rff8 18. d4 h6 19. dxc5 hxg5 20. c6 Bc8 21. O-O g4
22. hxg4 Nxg4 23. Rxf8+ Bxf8 24. dxe6 Nxe3 25. Qxe3 Bxe6 0-1

[Event "London Classic Open 2015"]
[Site "London ENG"]
[Date "2015.12.07"]
[Round "5.23"]
[White "Hagesather, Arne"]
[Black "Gharamian, Tigran"]
[Result "0-1"]
[BlackTitle "GM"]
[WhiteElo "2055"]
[BlackElo "2654"]
[WhiteFideId "1502476"]
[BlackFideId "13301527"]
[EventDate "2015.12.04"]

1. e4 c5 2. Nf3 d6 3. Bb5+ Nd7 4. d4 Nf6 5. e5 cxd4 6. Qxd4 dxe5 7. Nxe5 a6 8.
Ba4 b5 9. Bb3 Nxe5 10. Qxe5 e6 11. Bf4 Be7 12. O-O O-O 13. a4 b4 14. Nd2 Nd5 15.
Nc4 Bf6 16. Qe4 Nxf4 17. Qxf4 Qe7 18. Rad1 Bb7 19. Nd6 Bxb2 20. Qxb4 Rab8 21.
Qa5 Ba8 22. Rd3 Qa7 23. Rfd1 Bf6 24. Qe1 Kh8 25. Qa5 g6 26. c4 Qb6 27. Qd2 Be5
28. Bc2 Qc6 29. Qg5 Kg8 30. c5 Qxc5 31. Qg4 Bxd6 0-1

[Event "London Classic Open 2015"]
[Site "London ENG"]
[Date "2015.12.07"]
[Round "5.24"]
[White "Paterek, Michal"]
[Black "Grigoriants, Sergey"]
[Result "1/2-1/2"]
[WhiteTitle "FM"]
[BlackTitle "GM"]
[WhiteElo "2293"]
[BlackElo "2603"]
[WhiteFideId "1116142"]
[BlackFideId "4130804"]
[EventDate "2015.12.04"]

1. d4 Nf6 2. c4 e6 3. Nc3 Bb4 4. e3 O-O 5. Ne2 d5 6. a3 Bd6 7. c5 Be7 8. b4 b6
9. Nf4 c6 10. Be2 Nbd7 11. Nd3 Qc7 12. f4 Ba6 13. O-O Bc4 14. Bd2 Rab8 15. Qc2 1/2-1/2

[Event "London Classic Open 2015"]
[Site "London ENG"]
[Date "2015.12.07"]
[Round "5.25"]
[White "Hillarp Persson, Tiger"]
[Black "Merriman, John"]
[Result "1-0"]
[WhiteTitle "GM"]
[WhiteElo "2521"]
[BlackElo "2253"]
[WhiteFideId "1700812"]
[BlackFideId "402362"]
[EventDate "2015.12.04"]

1. d4 d5 2. c4 e6 3. Nc3 Nf6 4. cxd5 exd5 5. Bg5 Be7 6. e3 c6 7. Bd3 Nbd7 8.
Nge2 h6 9. Bh4 Nh5 10. Bxe7 Qxe7 11. Qd2 Nb6 12. O-O O-O 13. f3 Be6 14. b3 Rac8
15. Rac1 c5 16. dxc5 Rxc5 17. Nd4 Bd7 18. Rfe1 Nf6 19. Nce2 Rxc1 20. Rxc1 Re8
21. Kf2 Qe5 22. Ng3 h5 23. Nf1 Rc8 24. Rxc8+ Nxc8 25. Qa5 b6 26. Qc3 Nd6 27. h4
Nb7 28. b4 Nd8 29. Ng3 Ne6 30. Nge2 Nxd4 31. Qxd4 Qc7 32. Qf4 Qxf4 33. exf4 Kf8
34. Ke3 Ke7 35. Kd4 Kd6 36. f5 a5 37. bxa5 bxa5 38. a3 Ba4 39. Nf4 Bd7 40. Bc2
Bb5 41. Bb3 Bc6 42. Nd3 Nd7 43. Nf4 Nf6 44. Nd3 Nd7 45. Bd1 g6 46. fxg6 fxg6 47.
Bc2 Nf8 48. Nf4 Be8 49. Bb3 Ne6+ 50. Nxe6 Kxe6 51. Bxd5+ Kf6 52. g4 Bd7 53. gxh5 1-0

[Event "London Classic Open 2015"]
[Site "London ENG"]
[Date "2015.12.07"]
[Round "5.26"]
[White "Hector, Jonny"]
[Black "Haugli, Petter"]
[Result "1/2-1/2"]
[WhiteTitle "GM"]
[BlackTitle "IM"]
[WhiteElo "2499"]
[BlackElo "2260"]
[WhiteFideId "1700090"]
[BlackFideId "1500104"]
[EventDate "2015.12.04"]

1. e4 e6 2. d4 d5 3. Nc3 dxe4 4. Nxe4 Nd7 5. Nf3 Ngf6 6. Bg5 h6 7. Nxf6+ Nxf6 8.
Bh4 Be7 9. Bc4 O-O 10. O-O b6 11. Qe2 Bb7 12. Rad1 Ne4 13. Bxe7 Qxe7 14. Ne5
Rad8 15. Rfe1 c5 16. dxc5 Nxc5 17. f3 Rxd1 18. Rxd1 Rd8 19. Rxd8+ Qxd8 20. c3
Qd6 21. a3 Ne4 22. Nd3 Nc5 23. Qe5 Qxe5 24. Nxe5 Kf8 25. Kf2 Ke7 26. Ke3 Nd7 27.
Nd3 Kd6 28. Ba2 Nc5 29. Nf2 Na4 30. Nd1 Nc5 31. b4 Nd7 32. c4 f6 33. Nc3 Bc6 34.
Bb1 g5 35. Be4 Bxe4 36. Nxe4+ Kc6 37. f4 a6 38. g3 g4 39. Kd4 e5+ 40. fxe5 Nxe5
41. Nxf6 Nf3+ 42. Ke4 Nxh2 43. Kf4 h5 44. Nxh5 Nf3 45. Nf6 Nd4 46. Nxg4 Nc2 47.
Ne3 Nxa3 48. Ke4 b5 49. c5 a5 50. g4 axb4 51. g5 b3 52. Nd1 Kd7 53. c6+ Ke7 54.
c7 Nc4 55. c8=N+ Ke6 56. Na7 b2 57. Nxb2 Nxb2 58. Nxb5 Nc4 59. Kf4 Kf7 60. g6+ 1/2-1/2

[Event "London Classic Open 2015"]
[Site "London ENG"]
[Date "2015.12.07"]
[Round "5.27"]
[White "Kjartansson, Gudmundur"]
[Black "Cordes, Hans-Joerg"]
[Result "1-0"]
[WhiteTitle "IM"]
[BlackTitle "FM"]
[WhiteElo "2477"]
[BlackElo "2250"]
[WhiteFideId "2301318"]
[BlackFideId "4602234"]
[EventDate "2015.12.04"]

1. c4 e6 2. Nc3 d5 3. d4 c5 4. cxd5 exd5 5. Nf3 Nc6 6. dxc5 d4 7. Na4 Bxc5 8.
Nxc5 Qa5+ 9. Bd2 Qxc5 10. b4 Nxb4 11. Rc1 Qd6 12. e3 Nc6 13. Nxd4 Nxd4 14. Bc3
Ne7 15. Qxd4 Qxd4 16. Bxd4 O-O 17. Bc4 Nc6 18. Bc3 Be6 19. Bxe6 fxe6 20. Ke2
Rfd8 21. h4 Rac8 22. Rb1 Rc7 23. Rhc1 Rd5 24. Be1 Kf7 25. Rc4 h5 26. a4 Rcd7 27.
Rc2 Rc7 28. Rcb2 Nd8 29. Bd2 Rdc5 30. a5 g6 31. e4 Ke8 32. Kf3 e5 33. Rb3 Rc4
34. Be3 Rf7+ 35. Kg3 Rxe4 36. Bxa7 Rff4 37. f3 Ra4 38. Rb5 Nc6 39. Rxb7 Rxa5 40.
Be3 Rf7 41. R7b6 Kd7 42. Rc1 Rf6 43. Rb7+ Kd6 44. Rxc6+ 1-0

[Event "London Classic Open 2015"]
[Site "London ENG"]
[Date "2015.12.07"]
[Round "5.28"]
[White "Stigar, Petter"]
[Black "Wells, Peter K"]
[Result "1/2-1/2"]
[WhiteTitle "FM"]
[BlackTitle "GM"]
[WhiteElo "2233"]
[BlackElo "2442"]
[WhiteFideId "1500341"]
[BlackFideId "400327"]
[EventDate "2015.12.04"]

1. Nf3 d5 2. d4 Nf6 3. c4 e6 4. Nc3 c6 5. e3 Nbd7 6. b3 Bb4 7. Bd2 O-O 8. Be2
Qe7 9. O-O b6 10. Qc2 Bb7 11. Rac1 Rac8 12. Qb1 dxc4 13. bxc4 c5 14. Qb3 Rfd8
15. a3 Bxc3 16. Bxc3 Ne4 17. Bb2 Nb8 18. Rfd1 Nc6 19. Bd3 Ng5 20. Ne1 Na5 21.
Qa2 cxd4 22. exd4 1/2-1/2

[Event "London Classic Open 2015"]
[Site "London ENG"]
[Date "2015.12.07"]
[Round "5.29"]
[White "Cherniaev, Alexander"]
[Black "Therrien, Alex L"]
[Result "1-0"]
[WhiteTitle "GM"]
[BlackTitle "FM"]
[WhiteElo "2441"]
[BlackElo "2252"]
[WhiteFideId "4117301"]
[BlackFideId "412856"]
[EventDate "2015.12.04"]

1. e4 c6 2. d4 d5 3. e5 c5 4. Ne2 Nc6 5. c3 Bf5 6. Be3 Qb6 7. Qd2 e6 8. Na3 Bg6
9. h3 f6 10. f4 fxe5 11. dxe5 h5 12. g3 Nge7 13. Bf2 Nf5 14. Bg2 Qc7 15. O-O Be7
16. Rac1 Qd7 17. Rfd1 a6 18. Nc2 a5 19. Ne1 Bf7 20. Nf3 Rg8 21. b3 Qd8 22. Kh2
Nh6 23. a3 Bg6 24. Ng5 Bf5 25. Be3 Nf7 26. Nxf7 Kxf7 27. Bf3 Rh8 28. Kg2 g5 29.
fxg5 Nxe5 30. Rf1 Kg7 31. Nf4 Nxf3 32. Rxf3 Qd6 33. Rf2 Be4+ 34. Kh2 e5 35. Bxc5
Qd7 36. Bxe7 Qxe7 37. Nxd5 Bxd5 38. Qxd5 Rad8 39. Qe4 Rd7 40. h4 1-0

[Event "London Classic Open 2015"]
[Site "London ENG"]
[Date "2015.12.07"]
[Round "5.30"]
[White "Williams, Simon K"]
[Black "Stephan, Axel"]
[Result "1/2-1/2"]
[WhiteTitle "GM"]
[WhiteElo "2439"]
[BlackElo "2222"]
[WhiteFideId "404454"]
[BlackFideId "4632834"]
[EventDate "2015.12.04"]

1. e4 c5 2. Nc3 e6 3. g3 d5 4. exd5 exd5 5. Bg2 Nf6 6. Nf3 d4 7. Ne2 Nc6 8. d3
Bd6 9. O-O h6 10. Nd2 O-O 11. Nc4 Be7 12. h3 Nd5 13. Nf4 Nxf4 14. Bxf4 Be6 15.
Re1 Qd7 16. Qh5 Rfd8 17. Re4 Bd5 18. Bxh6 g6 19. Qe2 Bxe4 20. Bxe4 Bf8 21. Bxf8
Rxf8 22. h4 Rfe8 23. Qf3 Rad8 24. Qf4 b5 25. Nd2 Qd6 26. Qh6 Re5 27. Bf3 Nb4 28.
Ne4 Qe6 29. a3 Nd5 30. Nxc5 Qe7 31. Ne4 Rc8 32. Ng5 Nf6 33. Bd1 Qf8 34. Qxf8+
Kxf8 35. Nf3 Rd5 36. a4 b4 37. Nd2 Re5 38. Kf1 a5 39. Nc4 Rec5 40. Bf3 Re8 41.
Be2 Re6 42. Ke1 Nd7 43. Kd2 Nb6 44. Rf1 1/2-1/2

[Event "London Classic Open 2015"]
[Site "London ENG"]
[Date "2015.12.07"]
[Round "5.31"]
[White "D'Costa, Lorin A R"]
[Black "Guthrie, David"]
[Result "1-0"]
[WhiteTitle "IM"]
[WhiteElo "2418"]
[BlackElo "2198"]
[WhiteFideId "409219"]
[BlackFideId "4300505"]
[EventDate "2015.12.04"]

1. d4 Nf6 2. c4 g6 3. Nf3 Bg7 4. g3 O-O 5. Bg2 d6 6. O-O Nc6 7. Nc3 a6 8. h3 Bd7
9. e4 e5 10. dxe5 dxe5 11. Be3 Re8 12. b3 Qc8 13. Kh2 h6 14. Qd3 Rd8 15. Qc2 Nh7
16. Nd5 Nf8 17. Nh4 Kh7 18. f4 exf4 19. gxf4 Re8 20. Rae1 a5 21. a3 Ra6 22. Qf2
Ne7 23. Bd4 Nxd5 24. cxd5 Bxd4 25. Qxd4 Qd8 26. Nf3 Bb5 27. Rf2 Qd6 28. a4 Bd7
29. Ne5 c5 30. Qc3 f6 31. Nd3 b6 32. e5 Qc7 33. e6 1-0

[Event "London Classic Open 2015"]
[Site "London ENG"]
[Date "2015.12.07"]
[Round "5.32"]
[White "Rozycki, Bartlomiej"]
[Black "Koop, Thorben"]
[Result "0-1"]
[BlackTitle "FM"]
[WhiteElo "2231"]
[BlackElo "2418"]
[WhiteFideId "1106996"]
[BlackFideId "24661619"]
[EventDate "2015.12.04"]

1. e4 c5 2. Nf3 Nc6 3. Bb5 d6 4. O-O Bd7 5. Re1 Nf6 6. h3 a6 7. Bf1 e5 8. c3 Be7
9. d4 O-O 10. d5 Nb8 11. b4 cxb4 12. cxb4 Qb6 13. Qb3 Rc8 14. a4 Nxe4 15. Be3
Qd8 16. Na3 Nf6 17. Red1 Bf5 18. Nh4 Be4 19. Nf3 Nbd7 20. a5 Qc7 21. Bd3 Bxd3
22. Rxd3 e4 0-1

[Event "London Classic Open 2015"]
[Site "London ENG"]
[Date "2015.12.07"]
[Round "5.33"]
[White "McDonald, Neil"]
[Black "Kugler, Florian"]
[Result "1-0"]
[WhiteTitle "GM"]
[WhiteElo "2417"]
[BlackElo "2213"]
[WhiteFideId "400629"]
[BlackFideId "4633300"]
[EventDate "2015.12.04"]

1. e4 c5 2. Nf3 e6 3. d4 cxd4 4. Nxd4 Nc6 5. Nc3 Qc7 6. Be3 a6 7. Qd2 Nf6 8.
O-O-O b5 9. Bf4 Ne5 10. Nf3 Nxf3 11. gxf3 Qc6 12. Rg1 Bb7 13. Kb1 Nh5 14. Be5 f6
15. Bd4 Rc8 16. f4 b4 17. Be2 Nxf4 18. Qxf4 bxc3 19. Bh5+ g6 20. Rxg6 hxg6 21.
Bxg6+ Kd8 22. Bxf6+ Be7 23. Bxe7+ Kxe7 24. Qg5+ 1-0

[Event "London Classic Open 2015"]
[Site "London ENG"]
[Date "2015.12.07"]
[Round "5.35"]
[White "Houska, Jovanka"]
[Black "Motycakova, Monika"]
[Result "1-0"]
[WhiteTitle "IM"]
[BlackTitle "WFM"]
[WhiteElo "2409"]
[BlackElo "2185"]
[WhiteFideId "405094"]
[BlackFideId "14909626"]
[EventDate "2015.12.04"]

1. d4 Nf6 2. Nf3 d5 3. c4 e6 4. Nc3 Be7 5. Bf4 O-O 6. Qc2 Na6 7. a3 c5 8. dxc5
Nxc5 9. e3 b6 10. cxd5 exd5 11. Be2 Be6 12. O-O Rc8 13. Qd1 Nfe4 14. Nb5 a6 15.
Nbd4 b5 16. Rc1 Qb6 17. Be5 Nd7 18. Nxe6 fxe6 19. Bd4 Qd6 20. Nd2 Nec5 21. b4
Na4 22. Nb3 Bf6 23. Bg4 Nb2 24. Qe2 Nc4 25. Nc5 Rce8 26. f4 Rf7 27. Kh1 Nxc5 28.
Bxc5 Qc6 29. f5 exf5 30. Rxf5 Ne5 31. Bh3 Bd8 32. Rxf7 Nxf7 33. Qd2 Ne5 34. Rd1
Nc4 35. Qxd5+ Qxd5 36. Rxd5 Bf6 37. Bd7 Re4 38. Bf5 Re8 39. Bd7 Re4 40. Rd3 Bg5
41. Bc6 Re5 42. e4 Be7 43. Bd5+ Kf8 44. Bd4 Rg5 45. Bxc4 bxc4 46. Rc3 a5 47.
Rxc4 axb4 48. axb4 Rb5 49. Bc3 Bd6 50. g3 Kf7 51. Kg2 g6 52. Kf3 h6 53. h3 Rg5
54. g4 h5 55. Rc6 hxg4+ 56. hxg4 Ke7 57. Bf6+ Kxf6 58. Rxd6+ Ke7 59. Rd5 1-0

[Event "London Classic Open 2015"]
[Site "London ENG"]
[Date "2015.12.07"]
[Round "5.36"]
[White "Roberson, Peter T"]
[Black "Coleman, David J"]
[Result "1-0"]
[WhiteTitle "IM"]
[BlackTitle "CM"]
[WhiteElo "2407"]
[BlackElo "2176"]
[WhiteFideId "412384"]
[BlackFideId "402087"]
[EventDate "2015.12.04"]

1. e4 c5 2. c3 g6 3. d4 cxd4 4. cxd4 d5 5. e5 Nc6 6. Nc3 Bg7 7. h3 f6 8. f4 Nh6
9. g4 O-O 10. Bg2 fxe5 11. fxe5 e6 12. Nf3 Rxf3 13. Bxf3 Qh4+ 14. Kf1 Qg3 15.
Be3 b6 16. Bf2 Ba6+ 17. Ke1 Qf4 18. Nxd5 Qf7 19. Nf6+ Bxf6 20. exf6 Bb7 21. Rc1
Nb4 22. Be3 Rf8 23. Bg5 e5 24. Bxh6 Qxf6 25. Qb3+ Rf7 26. Bxb7 Qh4+ 27. Kd1 Qxh6
28. Qxb4 1-0

[Event "London Classic Open 2015"]
[Site "London ENG"]
[Date "2015.12.07"]
[Round "5.37"]
[White "Korley, Kassa"]
[Black "Williamson, Roger G"]
[Result "1-0"]
[WhiteTitle "IM"]
[WhiteElo "2389"]
[BlackElo "2172"]
[WhiteFideId "2033801"]
[BlackFideId "414620"]
[EventDate "2015.12.04"]

1. d4 d5 2. Nf3 f5 3. c4 c6 4. g3 Nf6 5. Bg2 e6 6. O-O Bd6 7. b3 Qe7 8. Ne5 Nbd7
9. Bb2 O-O 10. Nd2 a5 11. Qc2 Ne4 12. Ndf3 a4 13. Nxd7 Bxd7 14. c5 Bc7 15. bxa4
Ra7 16. Rfb1 f4 17. Ne5 Bxe5 18. Bxe4 dxe4 19. dxe5 Be8 20. e3 fxe3 21. fxe3 Qg5
22. Bd4 Bh5 23. Rf1 Bf3 24. Rf2 h5 25. Qc4 Qg4 26. Kf1 h4 27. Ke1 hxg3 28. hxg3
Rfa8 29. a5 Rxa5 30. a4 Qxg3 31. Qxe6+ Kh8 32. Qc4 Bg4 33. e6 Rf8 34. Qf1 Bxe6
35. Qg2 Qxg2 36. Rxg2 Rf7 37. Kd2 Kg8 38. Kc3 Ra8 39. Kb4 Rd8 40. Rag1 Rdd7 41.
Ka5 Bc4 42. Kb6 Kf8 43. Rxg7 Rxg7 44. Bxg7+ Ke8 45. Bd4 Bb3 46. a5 Rh7 47. Rg7
Rh2 48. Rxb7 Ra2 49. a6 Bc4 50. a7 Ra6+ 51. Kc7 1-0

[Event "London Classic Open 2015"]
[Site "London ENG"]
[Date "2015.12.07"]
[Round "5.38"]
[White "Gulamali, Kazim"]
[Black "Stamos, Filippos"]
[Result "1-0"]
[WhiteTitle "FM"]
[WhiteElo "2379"]
[BlackElo "2164"]
[WhiteFideId "2024764"]
[BlackFideId "4242807"]
[EventDate "2015.12.04"]

1. Nf3 Nf6 2. c4 e6 3. g3 d5 4. b3 Be7 5. Bb2 O-O 6. Bg2 c5 7. O-O Nc6 8. e3 b6
9. Qe2 Bb7 10. Rd1 Qc7 11. Nc3 dxc4 12. bxc4 Rac8 13. d3 Rfd8 14. Ne1 Na5 15. f4
Bxg2 16. Nxg2 Nc6 17. g4 h6 18. h4 Ne8 19. g5 hxg5 20. hxg5 f5 21. Kf2 g6 22.
Nh4 Nd4 23. exd4 Qxf4+ 24. Nf3 cxd4 25. Qxe6+ Kf8 26. Rh1 Qe3+ 27. Qxe3 dxe3+
28. Kxe3 Nc7 29. Rh8+ Kf7 30. Rh7+ 1-0

[Event "London Classic Open 2015"]
[Site "London ENG"]
[Date "2015.12.07"]
[Round "5.39"]
[White "Guramishvili, Sopiko"]
[Black "Wecker, Martin"]
[Result "1-0"]
[WhiteTitle "IM"]
[WhiteElo "2368"]
[BlackElo "2161"]
[WhiteFideId "13602888"]
[BlackFideId "12931462"]
[EventDate "2015.12.04"]

1. Nf3 c5 2. g3 Nc6 3. Bg2 g6 4. O-O Bg7 5. c4 e6 6. Nc3 Nge7 7. d3 O-O 8. Bd2
d5 9. a3 b6 10. cxd5 exd5 11. Rb1 d4 12. Na2 Be6 13. Nc1 h6 14. e4 b5 15. Ne2 c4
16. Rc1 Rc8 17. Nf4 Qd7 18. Nxe6 Qxe6 19. dxc4 bxc4 20. Qa4 Rb8 21. Rxc4 Rxb2
22. Rfc1 d3 23. Rxc6 Nxc6 24. Qxc6 Qa2 25. Be3 Rd8 26. Qc7 Rf8 27. Qd6 Rb3 28.
Bf1 Bb2 29. Bxh6 Re8 30. Qd7 Rbb8 31. Rc7 Rbd8 32. Qb5 Qxa3 33. Qc4 Re7 34. Rxe7
Qxe7 35. Bxd3 Bg7 36. Bg5 Bf6 37. Be3 Qd7 38. Be2 a5 39. e5 Rc8 40. Qa2 Bd8 41.
Bc4 Kg7 42. Bd4 Qc6 43. Bd5 Qc1+ 44. Kg2 Rb8 45. e6+ f6 46. Qa4 Be7 47. Qd7 Qa3
48. Qa7 Rd8 49. Bxf6+ Kxf6 50. Qd4+ 1-0

[Event "London Classic Open 2015"]
[Site "London ENG"]
[Date "2015.12.07"]
[Round "5.40"]
[White "Lokander, Martin"]
[Black "Willmoth, Robert F"]
[Result "0-1"]
[WhiteTitle "FM"]
[BlackTitle "CM"]
[WhiteElo "2367"]
[BlackElo "2150"]
[WhiteFideId "1709569"]
[BlackFideId "402540"]
[EventDate "2015.12.04"]

1. d4 d5 2. c4 e6 3. Nf3 Nf6 4. g3 Be7 5. Bg2 O-O 6. O-O c6 7. Qc2 Nbd7 8. Nbd2
b6 9. e4 dxe4 10. Nxe4 Nxe4 11. Qxe4 Bb7 12. Rd1 Rc8 13. Be3 Re8 14. Rac1 Ba8
15. c5 Nf6 16. Qc2 Nd5 17. Qe2 b5 18. Ne5 Bf8 19. h4 g6 20. h5 f6 21. Ng4 Nxe3
22. Qxe3 gxh5 23. Nh2 Bg7 24. Nf3 Rc7 25. Re1 Bb7 26. Nh4 Bc8 27. Nf5 Bd7 28.
Nd6 Re7 29. Bh3 e5 30. Bg2 Qf8 31. Qb3+ Kh8 32. d5 cxd5 33. Bxd5 Bh6 34. Rc2 Rg7
35. Kh2 h4 36. Be6 hxg3+ 37. fxg3 Rxc5 38. Rxc5 Qxd6 39. Rd1 Qxe6 40. Qxe6 Bxe6
41. Rc6 Bg4 42. Rd8+ Rg8 43. Rxg8+ Kxg8 44. Rxf6 Bg7 45. Ra6 e4 46. Rxa7 e3 47.
Kg2 e2 48. Ra8+ Kf7 49. Kf2 Bd4+ 50. Ke1 Bxb2 51. Ra7+ Ke6 52. Rc7 Ba3 0-1

[Event "London Classic Open 2015"]
[Site "London ENG"]
[Date "2015.12.07"]
[Round "5.42"]
[White "Haddock, Paul"]
[Black "Cumming, Rhys"]
[Result "0-1"]
[WhiteElo "1623"]
[BlackElo "2140"]
[WhiteFideId "419150"]
[BlackFideId "470163"]
[EventDate "2015.12.04"]

1. e4 c5 2. d4 cxd4 3. c3 dxc3 4. Nxc3 Nc6 5. Nf3 e6 6. Bc4 a6 7. a4 Qc7 8. Qe2
Nf6 9. O-O Ng4 10. Rd1 Bc5 11. Be3 Nxe3 12. fxe3 O-O 13. Kh1 Ne5 14. Nxe5 Qxe5
15. Qg4 d5 16. exd5 exd5 17. Rxd5 Qxd5 18. Qxc8 Qxc4 0-1

[Event "London Classic Open 2015"]
[Site "London ENG"]
[Date "2015.12.07"]
[Round "5.43"]
[White "Marzano, Carlo"]
[Black "Englert, Fabian"]
[Result "0-1"]
[BlackTitle "FM"]
[WhiteElo "2177"]
[BlackElo "2350"]
[WhiteFideId "802980"]
[BlackFideId "24614467"]
[EventDate "2015.12.04"]

1. d4 d5 2. Nf3 Nf6 3. c4 dxc4 4. e3 a6 5. a4 Bg4 6. Bxc4 e6 7. h3 Bh5 8. O-O
Nc6 9. b3 Bd6 10. Bb2 O-O 11. Nbd2 Qe7 12. Be2 Rfd8 13. Nc4 Bb4 14. Rc1 Rac8 15.
Nfe5 Nxe5 16. Nxe5 Bxe2 17. Qxe2 Ne4 18. Rfd1 c6 19. Qc2 f5 20. Nd3 Bd6 21. Qe2
h6 22. Bc3 Kh7 23. Qe1 Qh4 24. Bb4 Bb8 25. Nc5 Nxc5 26. dxc5 Rd5 27. Rc4 Qh5 28.
Rcd4 Rcd8 29. Bc3 Qf7 30. e4 Rxd4 31. Bxd4 e5 32. Ba1 Rxd1 33. Qxd1 fxe4 34. Qg4
Qf4 35. Qc8 Qc1+ 36. Kh2 Qf4+ 37. Kg1 Ba7 38. b4 Qc1+ 39. Kh2 Qf4+ 40. Kg1 e3
41. fxe3 Qxe3+ 42. Kh1 Qc1+ 43. Kh2 Qf4+ 44. Kh1 e4 45. Qxb7 Qf1+ 46. Kh2 Qxa1
47. Qxa7 Qe5+ 48. Kg1 Qd4+ 49. Kh2 Qxb4 50. Qxa6 Qxc5 51. a5 Qd6+ 52. Kg1 e3 53.
Qc4 Qd1+ 54. Kh2 Qd6+ 55. Kg1 Qe7 56. Qe2 c5 57. a6 c4 58. Kf1 Qf6+ 59. Kg1 Qa1+
60. Kh2 Qxa6 61. Qxe3 Qg6 62. Kg1 Qc2 63. Kf1 c3 64. Qe2 Qf5+ 65. Ke1 Qb1+ 66.
Kf2 Qb2 67. Ke1 Qxe2+ 68. Kxe2 Kg6 69. Kd3 Kf5 70. g3 c2 71. Kxc2 Ke4 72. Kd2
Kf3 73. g4 Kg3 74. Ke3 Kxh3 75. g5 hxg5 76. Kf2 g4 77. Kg1 g3 78. Kh1 g2+ 0-1